| 000 | 00953nam a2200265 a 4500 | ||
|---|---|---|---|
| 001 | 000029808 | ||
| 003 | DO-SdBNP | ||
| 005 | 20250701104718.0 | ||
| 008 | 110426s2004 dr r 000 0 spa d | ||
| 040 |
_aDO-SdBNP _bspa _cBNPHU |
||
| 082 |
_a363.72 _bP964g |
||
| 110 | 2 |
_aPrograma de Cooperación Descentralizada para el Saneamiento Ambiental de los Barrios Marginales de Santo Domingo (SABAMAR) _956563 |
|
| 245 | 1 | 0 |
_aGuía metodológica para las cartillas educativas : _brotafolio. |
| 246 | 2 | 3 | _aGuía metodológica de las cartillas educativas de SABAMAR. |
| 260 |
_aSanto Domingo : _bMetropolitana de Impresos y Publicaciones, _c2004. |
||
| 300 |
_a27 p. ; _c24 cm. |
||
| 490 | 1 | _aMi barrio | |
| 590 | _aInventariado, 2018/BT | ||
| 650 | 0 |
_aSaneamiento urbano _956564 |
|
| 650 | 0 |
_aSalud pública _956565 |
|
| 650 | 0 |
_aSaneamiento _97181 |
|
| 830 | 0 |
_aMi barrio _956566 |
|
| 910 | _aValidado. Control de calidad. EMS | ||
| 942 |
_2ddc _cLBS1 |
||
| 999 |
_c29300 _d29300 |
||